Metódy riešenia matematických problémov

Bibliographic Details
Main Author: Larson, Loren C., 1937- (Author)
Other Authors: Smítal, Jaroslav, 1942-2022 (Translator), Snoha, Ľubomír, 1955- (Translator)
Format: Book
Language:Slovak
English
PhysicalDescription:411 s. schémy 21 cm
Published: Bratislava Alfa 1990
ISBN:8005006276
Edition:1. vyd.
Series:Edícia matematicko-fyzikálnej literatúry
Subjects:

MARC

LEADER 00000cam a2200000 a 4500
001 vtls001063636
003 SK-MaSNL
005 20260301061823.0
008 240226s1990 xo l drn 001 0 slo
015 |a SNBA1991/02 
020 |a 8005006276  |q (viazané) 
035 |a SNK000006465 
040 |a SNK  |b slo  |c SNK  |e AACR2 
041 1 |a slo  |h eng 
044 |a xo  |c SK 
072 7 |a 51  |x Matematika  |2 konspekt 
080 |a 51  |2 2011 
080 |a (048.8)  |2 2011 
100 1 |a Larson, Loren C.,  |d 1937-  |4 aut  |9 375462 
240 1 0 |a Problem-solving through problems  |l Slovensky 
245 1 0 |a Metódy riešenia matematických problémov  |c Loren C. Larson ; Jaroslav Smítal, Ľubomír Snoha 
250 |a 1. vyd. 
260 |a Bratislava  |b Alfa  |c 1990  |e Bratislava  |f Svornosť 
300 |a 411 s.  |b schémy  |c 21 cm 
366 |e 3000 výtl. 
490 1 |a Edícia matematicko-fyzikálnej literatúry 
500 |a Slovníček symbolov 
504 |a Obsahuje bibliografické odkazy a register 
650 0 7 |a matematika  |2 SNKPH  |9 70174 
650 0 7 |a Mathematics  |2 SNKPHeng  |9 265620 
655 7 |a monografie  |2 SNKPH  |9 70139 
655 7 |a Monographs  |2 SNKPHeng  |9 120675 
700 1 |a Smítal, Jaroslav,  |d 1942-2022  |4 trl  |9 219517 
700 1 |a Snoha, Ľubomír,  |d 1955-  |4 trl  |9 255670 
830 0 |a Edícia matematicko-fyzikálnej literatúry  |9 276804 
919 |a 80-05-00627-6 
954 |a odborná, vedecká literatúra cudzojazyčná (svetová)  |2 lita 
958 |a NB 
958 |a OP 
958 |a OND 
958 |a EUIPO 
968 |a SLO  |b ENG 
999 |c 618413  |d 620343 
952 |a SNK  |b SNK  |y VYP  |7 0  |p 17A0029432  |o snkSC 78661 D1  |0 0  |1 0  |4 0  |d 1996-12-19  |l 0  |r 2004-12-31 00:00:00  |w 2026-02-23 
952 |a SNK  |b SNK  |y PREZ  |7 0  |p 17A0966541  |o snkSC 78661  |i snkKSP 339/91  |0 0  |1 0  |4 0  |d 2012-08-09  |f 1  |l 0  |r 2026-02-23 16:46:02  |w 2026-02-23